Normal view
MARC view
Entry Personal Name
001 - CONTROL NUMBER
- control field: 3198
003 - CONTROL NUMBER IDENTIFIER
- control field: HDC
005 - DATE AND TIME OF LATEST TRANSACTION
- control field: 20230624073140.0
008 - FIXED-LENGTH DATA ELEMENTS
- fixed length control field: 210111|| aca||aabn | a|a d
040 ## - CATALOGING SOURCE
- Original cataloging agency: HDC
- Transcribing agency: HDC
100 ## - HEADING--PERSONAL NAME
- Personal name: Markstrom, Steven L
670 ## - SOURCE DATA FOUND
- Source citation: Work cat.: (HDC): David, Olaf author 3195, Agricultural System Models In Field Research And Technology Transfer. Chapter 15 :, 2016
